000
00222nam a2200097Ia 4500
008
230605s9999 xx 000 0 und d
041
_a
eng
100
_a
Eurodelioes
245
_a
Dine with europe Desserts
650
_a
F. P.
999
_c
416888
_d
416888